|
|
|
|
| LEADER |
00000caa a22000002c 4500 |
| 001 |
1912477823 |
| 003 |
DE-627 |
| 005 |
20250125055050.0 |
| 007 |
cr uuu---uuuuu |
| 008 |
241217s2002 xx |||||o 00| ||eng c |
| 024 |
7 |
|
|a 10.1300/J015v25n03_04
|2 doi
|
| 035 |
|
|
|a (DE-627)1912477823
|
| 035 |
|
|
|a (DE-599)KXP1912477823
|
| 040 |
|
|
|a DE-627
|b ger
|c DE-627
|e rda
|
| 041 |
|
|
|a eng
|
| 084 |
|
|
|a 2,1
|2 ssgn
|
| 100 |
1 |
|
|a Banyard, Victoria L.
|e VerfasserIn
|0 (DE-588)1080408878
|0 (DE-627)844436267
|0 (DE-576)286834049
|4 aut
|
| 109 |
|
|
|a Banyard, Victoria L.
|a Banyard, V. L.
|
| 245 |
1 |
0 |
|a Childhood sexual abuse in the lives of Black women: Risk and resilience in a longitudinal study
|
| 264 |
|
1 |
|c 2002
|
| 336 |
|
|
|a Text
|b txt
|2 rdacontent
|
| 337 |
|
|
|a Computermedien
|b c
|2 rdamedia
|
| 338 |
|
|
|a Online-Ressource
|b cr
|2 rdacarrier
|
| 700 |
1 |
|
|a West, Carolyn M.
|e VerfasserIn
|4 aut
|
| 700 |
1 |
|
|a Siegel, Jane A.
|d 1949-
|e VerfasserIn
|0 (DE-588)1014509238
|0 (DE-627)705250180
|0 (DE-576)176724893
|4 aut
|
| 700 |
1 |
|
|a Williams, Linda M.
|d 1949-
|e VerfasserIn
|0 (DE-588)1158063385
|0 (DE-627)1020429615
|0 (DE-576)503580872
|4 aut
|
| 773 |
0 |
8 |
|i Enthalten in
|t Women & therapy
|d Philadelphia, Pa. : Routledge, Taylor & Francis Group, 1982
|g 25(2002), 3-4, Seite 45-58
|h Online-Ressource
|w (DE-627)341353922
|w (DE-600)2068122-7
|w (DE-576)306829754
|x 1541-0315
|7 nnas
|
| 773 |
1 |
8 |
|g volume:25
|g year:2002
|g number:3-4
|g pages:45-58
|
| 787 |
0 |
8 |
|i Forschungsdaten
|a Siegel, Jane A.
|t Risk Factors for Violent Victimization of Women in a Major Northeastern City, 1990-1991 and 1996-1997
|d [Erscheinungsort nicht ermittelbar] : [Verlag nicht ermittelbar], 2000
|w (DE-627)1840059591
|
| 856 |
4 |
0 |
|u https://doi.org/10.1300/J015v25n03_04
|x Resolving-System
|z lizenzpflichtig
|3 Volltext
|7 1
|
| 935 |
|
|
|a mkri
|
| 951 |
|
|
|a AR
|
| ELC |
|
|
|a 1
|
| LOK |
|
|
|0 000 xxxxxcx a22 zn 4500
|
| LOK |
|
|
|0 001 4637443326
|
| LOK |
|
|
|0 003 DE-627
|
| LOK |
|
|
|0 004 1912477823
|
| LOK |
|
|
|0 005 20241217044219
|
| LOK |
|
|
|0 008 241217||||||||||||||||ger|||||||
|
| LOK |
|
|
|0 035
|a (DE-2619)ICPSR117152
|
| LOK |
|
|
|0 040
|a DE-2619
|c DE-627
|d DE-2619
|
| LOK |
|
|
|0 092
|o n
|
| LOK |
|
|
|0 852
|a DE-2619
|
| LOK |
|
|
|0 852 1
|9 00
|
| LOK |
|
|
|0 935
|a nacp
|
| LOK |
|
|
|0 939
|a 17-12-24
|b l01
|
| ORI |
|
|
|a SA-MARC-krimdoka001.raw
|